| 000 | 01118cad a22002295a 4500 | ||
|---|---|---|---|
| 001 | E147244 | ||
| 008 | 090417s2009 xxu f 000 0 eng d | ||
| 035 | _a(Sirsi) u147244 | ||
| 041 | 0 | _aeng | |
| 050 | 0 | 4 | _a333.72 $2 18 |
| 110 | 2 |
_aJones Lang LaSalle _93755 |
|
| 245 | 0 | 0 |
_aPerspectives on sustainability _bPresident Obama's plans for energy and the environment, the implications for commercial real estate _h[electronic resource] |
| 260 |
_a[S.l.] _bJLL _c2009 |
||
| 520 | _aSets out the new administration's position with regards to the environment and looks at what this might mean for the commercial real estate sector. Also proposes a four-step action plan for businesses to capitalise on government-sponsored incentives and reduce the risks associated with a new regulatory environment. | ||
| 521 | _aAdvanced | ||
| 590 | _aKA | ||
| 651 | 4 |
_aUnited States _y1959- |
|
| 690 | _aPROPERTY-COMMERCIAL PROPERTY | ||
| 690 | _aBUILT ENVIRONMENT-SUSTAINABLE CONSTRUCTION | ||
| 856 | 4 | 0 |
_uhttps://www.us.am.joneslanglasalle.com _zView the report free of charge at www.us.am.joneslanglasalle.com... |
| 942 | _n0 | ||
| 999 |
_c109495 _d109495 |
||